000
00494nam a2200181Ia 4500
008
090124s9999 xx 000 0 und d
082
_b
47469
100
_a
नायक दत्ता
245
_a
आत्मदीपो भव
250
_a
1
260
_c
2008
300
_a
164
600
_a
नायक दत्ता
630
_a
आत्मदीपो भव
700
_a
नायक दत्ता
730
_a
आत्मदीपो भव
942
_c
BOOK
999
_c
113764
_d
113764